000 00613nam a2200181Ia 4500
008 100920s9999 xx 000 0 und d
082 _b3716
_a891.43 0
100 _aआनन्दकुमार.
245 _aमनोरंजक कथाएं.
260 _bराजपाल एण्ड सन्स ,कश्मीरी गेट, दिल्ली.
_c0
300 _a97
_bसाधी
365 _b1.25
520 _aहिंदी.
630 _aमनोरंजक कथाएं.
650 _aहिंदी.
730 _aमनोरंजक कथाएं.
942 _cBOOK
999 _c673637
_d673634